ديوان الهمام الالمعي الفاضل اللوذعي، نابغة الزمان وعلامة الآن اوحد العلماء واشعر الشعراء بهجة العصر السيد علي أبي النصر .. / Dīwān al-humām al-almaʻī l-fāḍil al-lawdhaʻī, nābighat al-zamān wa-ʻallāmah al-ān awḥad al-ʻulamāʼ wa-ashʻar al-shuʻarāʼ bahjat al-ʻasr al-Sayyid ʻAlī Abī al-Naṣr ..

محفوظ في:

المؤلف الرئيسي: Maḥmūd al-Imām Manṣūrī.

التنسيق: كتاب

اللغة: Undetermined

منشور في: Cairo al-Maṭbaʻah al-Mīrīyah 1883

الوسوم: إضافة وسم

لا توجد وسوم, كن أول من يضع وسما على هذه التسجيلة!

رقم الطلب: (R)P23 NASR

LEADER 00883nam a2200145Ia 4500
008 240404s9999||||xx |||||||||||||| ||und||
050 4 |a (R)P23 NASR 
100 1 |a Maḥmūd al-Imām Manṣūrī. 
245 1 0 |a ديوان الهمام الالمعي الفاضل اللوذعي، نابغة الزمان وعلامة الآن اوحد العلماء واشعر الشعراء بهجة العصر السيد علي أبي النصر .. / Dīwān al-humām al-almaʻī l-fāḍil al-lawdhaʻī, nābighat al-zamān wa-ʻallāmah al-ān awḥad al-ʻulamāʼ wa-ashʻar al-shuʻarāʼ bahjat al-ʻasr al-Sayyid ʻAlī Abī al-Naṣr ..   |c Maḥmūd al-Imām Manṣūrī 
264 1 |a Cairo  |b al-Maṭbaʻah al-Mīrīyah  |c 1883 
300 |a 235  |c 23 
500 |a Former owner's name at base of spine  
500 |a Library of Congress. Mansuri Book Collection, 7-323  
942 |2 lcc  |c BK 
999 |c 58048  |d 58048